Statistics for Hello Lyrics - Adele

Click here to take the quiz!

General Stats

  • This quiz has been taken 447 times
  • The average score is 22 of 25

Answer Stats

Lyrics % Correct
{Hello}, it's me
100%
{Hello}, how are you
100%
Hello, can you {hear} me
97%
I was wondering if after all these {years} you'd like to meet
96%
Hello from the {other} {side}
94%
They say that time's suposed to {heal} ya
93%
To tell you I'm {sorry} for everything that I've done
92%
I must have {called} a thousand times
91%
To tell you I'm sorry for {breaking} your heart
90%
To go over {everything}
90%
At least I can say that I've {tried}
89%
When we were younger and {free}
89%
I'm in {California} dreaming about who we used to be
86%
But it don't matter it clearly doesn't tear you apart {anymore}
86%
But I ain't {done} much healing.
85%
Are running out of {time}
84%
But when I call, you never seem to be {home}
84%
And a {million} miles
84%
Hello from the {outside}
82%
I {hope} that you're well
79%
I've forgotten how it felt before the world {fell} at our feet
79%
There's such a {difference} between us
78%
It's so typical of me to talk about {myself} I'm sorry
70%
Did you ever make it out of that {town} where nothing ever happened
66%
It's no {secret} that both of us
66%

Score Distribution

Percentile by Number Answered

Percent of People with Each Score

Your Score History

You have not taken this quiz